00661nam a2200193Ia 4500003000400000005001700004008004100021040000700062041000800069082002300077100002700100245005100127260006200178365001300240906005300253942001200306999001900318952013000337OSt20230530151846.0210423s2010 xx 000 0 und d cAL aeng a303.483 223bJAII aJAIN (V K),Ed.9117195 aInformation technology: issues and challenges. aIndorebProveer Institution of Professional Studiesc2010 b595cINR achallenges. ; Information ; issues ; technology: 2ddccBK c175526d175526 001040708MSWaSACPGbSACPGd2010-01-05eBook Worldg595.00l0o303.483 JAIIpPG022226r2022-08-24 00:00:00w2021-04-26yBK